00441nam a2200157 a 45000010005000000030009000050080041000140400028000550820016000831000019000992450059001182600041001773000014002184900016002326500035002481293CO-ViMGA141112s2004 ck r 000 u spa d aCO-ViMGAbspacCO-ViMGA04a927.5 M634k1 aKrystof, Doris10aAmedeo Modigliani 1884 - 1920 : bthe poetry of seeing aColonia : bBenedict Taschen, c1996 a96 p : il aTaschen, 4314aMODIGLIANI, AMEDEO 1884 - 1920